Ako podnikať

Z obsahu: Ľudské zdroje. Riadenie a kariéra. Cudzinec v cudzine. Rýchle rozhodovanie. Poradenstvo. Prijímacie testovanie v assessment centre.

Gespeichert in:
Bibliographische Detailangaben
Format: Buchkapitel
Sprache:Slowakisch
Schlagworte:
Tags: Tag hinzufügen
Keine Tags, Fügen Sie das erste Tag hinzu!

MARC

LEADER 00000naa$a2200000$$$4500
001 0054228
005 20231009072839.1
041 0 |a slo 
044 |a SK 
245 1 0 |a Ako podnikať 
520 |a Z obsahu: Ľudské zdroje. Riadenie a kariéra. Cudzinec v cudzine. Rýchle rozhodovanie. Poradenstvo. Prijímacie testovanie v assessment centre. 
610 2 0 |a zdroje ľudské 
610 2 0 |a zamestnanci 
610 2 0 |a zamestnávanie cudzincov 
610 2 0 |a podnik 
610 2 0 |a motivácia 
610 2 0 |a informácie